| 000 | 00916 a2200217 4500 | ||
|---|---|---|---|
| 020 | _a019857133X | ||
| 020 | _a9780198571339 | ||
| 082 | _a532.0595 | ||
| 090 |
_c1417 _d1417 |
||
| 100 | 1 | _aChemin, Jean-Yves. | |
| 245 | 1 | 0 |
_aMathematical geophysics : _ban introduction to rotating fluids and the navier-stokes equations / _cJean-Yves Chemin, Benoit Desjardins, Isabelle Gallagher, Emmanuel Grenier. |
| 260 |
_a[S.l.] : _bOxford University Press, USA, _c2006. |
||
| 300 |
_a272 p. ; _c24 cm. |
||
| 490 | 1 | _aOxford lecture series in mathematics and its applications. | |
| 700 | 1 | _aDesjardins, Benoit. | |
| 700 | 1 | _aGallagher, Isabelle. | |
| 700 | 1 | _aGrenier, Emmanuel. | |
| 830 | 0 | _aOxford lecture series in mathematics and its applications. | |
| 942 |
_aSNS _cBK _k532.0595 CHE |
||
| 999 |
_c30029 _d30029 |
||